Catálogo
 En Linea

Estudios sobre la teoría del imperialismo / (Registro nro. 22440)

Detalles MARC
000 -CABECERA
campo de control de longitud fija 00633nam a2200181 a 4500
001 - NÚMERO DE CONTROL
campo de control 000022943
005 - FECHA Y HORA DE LA ÚLTIMA TRANSACCIÓN
campo de control 20200930021903.0
008 - DATOS DE LONGITUD FIJA--INFORMACIÓN GENERAL
campo de control de longitud fija 101123s1978 mx 000 0 spa d
040 ## - FUENTE DE LA CATALOGACIÓN
Centro catalogador/agencia de origen DO-SdBNP
Lengua de catalogación spa
Centro/agencia transcriptor BNPHU
100 1# - ENTRADA PRINCIPAL--NOMBRE DE PERSONA
Nombre de persona Owen, Roger
9 (RLIN) 47173
240 10 - TÍTULO UNIFORME
Título uniforme Studies in the theory of imperialism
Lenguaje de la obra Español
245 10 - MENCIÓN DE TÍTULO
Título Estudios sobre la teoría del imperialismo /
Mención de responsabilidad, etc. Roger Owen, Bob Sutcliffe, traducción Ana María palos.
260 ## - PUBLICACIÓN, DISTRIBUCIÓN, ETC.
Lugar de publicación, distribución, etc. México :
Nombre del editor, distribuidor, etc. Ediciones Era,
Fecha de publicación, distribución, etc. 1978.
300 ## - DESCRIPCIÓN FÍSICA
Extensión 342 p. ;
Dimensiones 21 cm.
500 ## - NOTA GENERAL
Nota general Incluye notas al pie de las páginas
700 1# - PUNTO DE ACCESO ADICIONAL--NOMBRE DE PERSONA
Nombre de persona Sutcliffe, Bob
9 (RLIN) 47174
700 1# - PUNTO DE ACCESO ADICIONAL--NOMBRE DE PERSONA
Nombre de persona Palos, Ana Maria,
Término indicativo de función/relación trad.
9 (RLIN) 5235
Existencias
Estado de retiro Estado de pérdida Restricciones de uso No para préstamo Código de colección Localización permanente Ubicación/localización actual Ubicación en estantería Fecha de adquisición Número de inventario Total de préstamos Signatura topográfica completa Código de barras Fecha visto por última vez Precio válido a partir de Tipo de ítem Koha
        Monografías: Libros y Folletos General General En catalogación 23.11.2010 LF1   22943-10 25.06.2020 25.06.2020 Préstamo en sala

Con tecnología Koha